000 00884nam a2200277 i 4500
001 185008
003 SpMaBN
005 20250902062945.0
008 160304s2014 sp d |||| | spa d
020 _a978-84-9888-607-8
080 _a339.5(460)
100 1 _aRamiro, Pedro,
_qRamiro Pérez
_9158965
245 1 0 _aMarca España
_b: ¿a quién beneficia? /
_cPedro Ramiro.
250 _a1ª ed. amp.
260 _aBarcelona :
_bIcaria,
_c2014.
300 _a95 p. ;
_c18 cm.
490 1 _aAsaco ;
_v22
504 _aBibliografía: p. 91-95.
650 7 _aEmpresas españolas
_2embne
_9158967
651 7 _aEspaña-
_xComercio exterior.
_98178
651 7 _aEspaña-
_xPolítica exterior-
_y1996-
_9158968
651 4 _aEspaña-
_xPolítica económica-
_y2011-
_9156430
830 0 _aAsaco ;
_v22
_9225157
852 _aES-MaACL
_jL-30218
999 _c185008
_d185008